Statistics for Countries invaded by the NAZIs

Click here to take the quiz!

General Stats

  • This quiz has been taken 2,034 times
  • The average score is 12 of 15

Answer Stats

HintAnswer% Correct
1939, SeptemberPoland
98%
1940, MayFrance
97%
Pre WarAustria
94%
1940, MayBelgium
89%
1941, JuneSoviet Union
88%
1940, MayNetherlands
86%
1940, AprilNorway
85%
1940, AprilDenmark
83%
1940, JuneChannel Islands (UK)
79%
Pre WarCzechoslovakia
77%
1943, SeptemberItaly
76%
1941, AprilGreece
74%
1940, MayLuxembourg
71%
1941, AprilYugoslavia
70%
1941, JuneBaltic States
48%

Score Distribution

Percentile by Number Answered

Percent of People with Each Score

Your Score History

You have not taken this quiz